NBA Players from Croatia - Statistics

General Stats
  • This quiz has been taken 25 times
  • The average score is 10 of 22
Answer Stats
Position Player NBA Career % Correct
F Bojan Bogdanović 2014-2024
88%
C Ivica Zubac 2016-Present
88%
SF Toni Kukoč 1993-2006
82%
SG Dražen Petrović 1989-1993
76%
SF Dario Šarić 2016-2026
71%
PF Dino Rađa 1993-1997
71%
SG Mario Hezonja 2015-2020
71%
G Roko Ukić 2008-2010
53%
PF Luka Šamanić 2019-2024
47%
C Dalibor Bagarić 2000-2003
41%
PF Dragan Bender 2016-2020
41%
PF Karlo Matković 2024-Present
41%
C Žan Tabak 1994-2001
41%
GF Zoran Planinić 2003-2006
41%
PF Damir Markota 2006-2007
35%
C Gordan Giriček 2002-2008
35%
C Stojko Vranković 1990-1992, 1996-1999
29%
C Ante Žižić 2017-2020
24%
C Bruno Šundov 1998-2005
24%
SF Damjan Rudež 2014-2017
18%
C Mario Kasun 2004-2006
18%
F Duje Dukan 2015-2016
12%
No matching quizzes found
Score Distribution
Percent of People with Each Score
Percentile by Number Answered
Your Score History
You have not taken this quiz